000 00808nam a2200241Ia 4500
003 OSt
005 20251023094427.0
008 220923b |||||||| |||| 00| 0 eng d
020 _a9789351505693
037 _cGeneral Book
040 _aRTL
_cRTL
_beng
041 _2eng
_aeng
084 _aY:3(NW).2, Q6
_qRTL
100 _aJayasankar, K. P.
_9294374
245 0 _aFly in the curry: independent documentary film in India.
260 _aLos
_bAngeles Sage
_c2016
300 _axvii,256 p.
_ccm.
_bIncludes bibliographical references and index.
500 _aBibliography: 135-142p.
650 _aSociology
_9849276
700 _a Monteiro, Anjali
_9294375
_eCo author
942 _hY:3(NW).2, Q6
_cGB
_2CC
_n0
999 _c586648
_d586648